General studies Indian polity part-2 (Record no. 519291)

000 -LEADER
fixed length control field 00381nam a22001217a 4500
082 ## - DEWEY DECIMAL CLASSIFICATION NUMBER
Classification number PKP A72 V212/Ind/Pt-2
100 ## - MAIN ENTRY--PERSONAL NAME
Personal name Ravi and Vajiram
9 (RLIN) 30109
245 ## - TITLE STATEMENT
Title General studies Indian polity part-2
Statement of responsibility, etc by Ravi and Vajiram
260 ## - PUBLICATION, DISTRIBUTION, ETC. (IMPRINT)
Place of publication, distribution, etc New Delhi
Name of publisher, distributor, etc Ravi and Vajiram
Date of publication, distribution, etc 2022
300 ## - PHYSICAL DESCRIPTION
Extent 260p.
650 ## - SUBJECT ADDED ENTRY--TOPICAL TERM
Topical term or geographic name as entry element General studies
9 (RLIN) 30110
650 ## - SUBJECT ADDED ENTRY--TOPICAL TERM
Topical term or geographic name as entry element India - Politics and government
9 (RLIN) 30111
Holdings
Withdrawn status Lost status Source of classification or shelving scheme Damaged status Koha normalized classification for sorting Not for loan Permanent location Current location Date acquired Full call number Barcode Date last seen Price effective from Koha item type
        PKP_A72_V212INDPT2   Indian Institute of Public Administration Indian Institute of Public Administration 2022-02-21 PKP A72 V212\Ind\Pt-2 88750 2022-02-21 2022-02-21 Book

Powered by Koha